Регионална библиотека "Любен Каравелов" - Русе

Тетрадката (Запис номер 91433)

MARC детайли
000 -Лидер
Контролно поле с фиксирана дължина 01218nam a2200337 c 4500
003 - Код на организацията, давaща контролен номер
Контролно поле BLK
005 - Дата и час на последна редакция
Контролно поле 20250624094748.0
008 - Елементи от данни с фиксирана дължина
fixed length control field 180408b bul|||||r ||||||| ||bul||
010 ## - Наследен системен номер
LC control number KNG00096190000
020 ## - Международен стандартен номер на книга ISBN
Международен стандартен номер на книга ISBN 9789543670284
040 ## - Източник на каталожния запис
Идентификатор на билиотеката - собственик на записа BLK
041 ## - Код за език
Код за езика на текст/звукозапис или на отделно заглавие Български
Код за езика КДБФ Български
072 #7 - Код за тематичната категория
Код организация bullib
Код за тематична категория Н83
Текст Чужда художествена литература Н
080 ## - УДК
Текстов определител УДК Американска литература (на САЩ)
УДК код - определител по УДК 821.111(73)
УДК определител -31
УДК - код + определител 821.111(73)-31
100 1# - Редна дума - Автор
Автор Спаркс, Никълъс
Авторска отговорност първи автор
R(LIN) 366848
139 ## - Редно поле
Редна дума Спаркс, Никълъс
Авторски знак Сп - С 55
245 10 - Сведения за заглавието
Заглавие Тетрадката
Подзаглавни данни Роман
Редно поле (дума) Никълъс Спаркс; прев. Станимир Йотов.
257 ## - Страна на издаване
Страна на създаване/издаване Съединени американски щати
260 ## - Област на издателските данни
Име на издателя, разпространителя и проч. Пергамент
Година на издаване 2009
Печатница София : Симолини
Място на издаване, разпространение и проч. София
300 ## - Физическа характеристика
Страници 197 с.
Размери/Мащаб 17 см
380 ## - Жанр
Жанр Худож. лит.
490 ## - СЕРИИ (Колекции)
Име на серия Поредица Вечни романи
490 ## - СЕРИИ (Колекции)
Име на серия Класика в синьо и сребърно
700 1# - Други автори (авторска отговорност)
Лично име Йотов, Станимир
Автороска отговорност (Описва отношението между автора и произведението) прев.
9 (RLIN) 364214
856 4# - Електронен адрес и достъп
Електронен формат pdf - файл
856 4# - Електронен адрес и достъп
Електронен формат pdf - файл
942 ## - АРТИКУЛИ
Вид на библиотечния материал Книги
Скрит в OPAC Не
Koha issues (borrowed), all copies 49
944 ## - СЪЗДАВАНЕ И РЕДАКЦИЯ на ЗАПИСА
Служител, извършил регистрацията/редакцията 30545
Статус, дата на статуса Нора Радева
999 ## - СИСТЕМНИ КОНТРОЛНИ НОМЕРА
Koha biblionumber 91433
Koha biblioitemnumber 91433
999 ## - СИСТЕМНИ КОНТРОЛНИ НОМЕРА
Koha biblioitemnumber 91433
999 ## - СИСТЕМНИ КОНТРОЛНИ НОМЕРА
Koha biblioitemnumber 91433
Наличности
Код за отписване Код за изгубен артикул Код за повреда Коз за рестрикции Код за отдаване Артикулен № Име на библиотеката - собственик Име на библиотеката, в която се намира в момента Статус (Текущо местоположение) Дата на вписване в системата Местоположение - отдел Цена в лева Инвентарен номер Систематично азбучна сигнатура Баркод Номер на екземпляра Цена в евро Служебна бележка Служебен тип на артикула Бележка за публиката Източник на класификационната схема
Изтеглен Не е изгубен Не е повреден без рестрикции заемане за дома 147481 Регионална библиотека "Любен Каравелов" Русе Регионална библиотека "Любен Каравелов" Русе   2010-05-18 Заемна - подръчен фонд 9.00 120000744441 П 820(73)-31/С 55 120000744441 1 4.60 Дост: Pk Вид: Ф N: 27777 Дата: 18.05.2010 Книги Отч.N: 68 , Дата: 22.12.2017  
Изтеглен Не е изгубен Не е повреден без рестрикции заемане за дома 147482 Регионална библиотека "Любен Каравелов" Русе Регионална библиотека "Любен Каравелов" Русе Заемна - подръчен фонд 2010-05-21 Заемна - подръчен фонд 9.00 120000744539 П 820(73)-31/С 55 120000744539 2 4.60 Дост: DA Вид: А N: 15 Дата: 21.05.2010 Дата инв: 16.02.2018 Бележки инв: П2018 Книги   Universal Decimal Classification
  Не е изгубен Не е повреден без рестрикции заемане за дома 692665 Регионална библиотека "Любен Каравелов" Русе Регионална библиотека "Любен Каравелов" Русе Заемна - подръчен фонд 2019-03-07 Заемна - подръчен фонд 9.00   П 820(73)-31/С 55 120000830553   4.60   Книги   Universal Decimal Classification
  Не е изгубен Не е повреден само за читалня ползва се в читалня 930972 Регионална библиотека "Любен Каравелов" Русе Регионална библиотека "Любен Каравелов" Русе Хранилище 2023-07-20 Основен фонд - ползва се само за читалня 9.00 120000890278 Цб І 42533 120000890278   4.60   Книги   Universal Decimal Classification
Vip Innovations Ltd, Rousse, Bulgaria 2025